[Event "Let's Play Chess!"]
[Site "http://www.queenalice.com/game.php?id=709423"]
[Date "2010.1.6"]
[Round "-"]
[White "MontereyMatt"]
[Black "spawnwolfwolverine"]
[Result "1-0"]
[WhiteElo "1702"]
[BlackElo "1580"]

1. d3 d5 2. g3 g6 3. Bg2 e6 4. e3 Bg7 5. e4 c6 6. exd5 cxd5 7. Nf3 Ne7 8. O-O
O-O 9. Bf4 Nbc6 10. d4 Nf5 11. c3 a5 12. Qa4 Bd7 13. b4 Ncxd4 14. Nxd4 Nxd4 15.
Qd1 Nf5 16. h4 axb4 17. Bg5 f6 18. Bf4 b3 19. Qxb3 b5 20. Qb4 1-0

[Event "Let's Play Chess!"]
[Site "http://www.queenalice.com/game.php?id=719413"]
[Date "2010.1.24"]
[Round "-"]
[White "igorjava"]
[Black "MontereyMatt"]
[Result "1-0"]
[WhiteElo "1982"]
[BlackElo "1731"]

1. e4 c5 2. Nf3 d6 3. d4 Nd7 4. c3 cxd4 5. cxd4 Ngf6 6. Nc3 e5 7. d5 Nc5 8. Qc2
Ncxe4 9. Nxe4 Nxd5 10. Bg5 Nb4 11. Qa4+ Bd7 12. Qxb4 d5 13. Qxf8+ Rxf8 14. Nd6#
1-0

[Event "Let's Play Chess!"]
[Site "http://www.queenalice.com/game.php?id=719854"]
[Date "2010.1.25"]
[Round "-"]
[White "MontereyMatt"]
[Black "chesspool"]
[Result "0-1"]
[WhiteElo "1713"]
[BlackElo "2207"]

1. d3 Nf6 2. Bg5 e6 3. Nc3 h6 4. Bxf6 Qxf6 5. Ne4 Qxb2 6. Nf3 Bb4+ 7. c3 Bxc3+
8. Nxc3 Qxc3+ 9. Nd2 O-O 10. Rc1 Qa3 11. Qb3 Qxc1+ 0-1

[Event "(Sokolsky/Orang-utan) opening"]
[Site "http://www.queenalice.com/game.php?id=723418"]
[Date "2010.1.31"]
[Round "-"]
[White "ABL"]
[Black "MontereyMatt"]
[Result "1-0"]
[WhiteElo "1555"]
[BlackElo "1713"]

1. b4 e5 2. Bb2 Qe7 3. b5 d5 4. Ba3 c5 5. bxc6 Qc7 6. Bxf8 Kxf8 7. cxb7 Qxb7 8.
g3 Qb2 9. Nc3 Bf5 10. e4 dxe4 11. Rb1 Qa3 12. Bh3 Qc5 13. Bxf5 e3 14. fxe3 g6
15. Be4 Nc6 16. Qf3 f5 17. Bxc6 Rd8 18. Nge2 Ne7 19. Ba4 e4 20. Nxe4 1-0

[Event "Hide and Seek"]
[Site "http://www.queenalice.com/game.php?id=725216"]
[Date "2010.2.3"]
[Round "-"]
[White "MontereyMatt"]
[Black "Cronos"]
[Result "1-0"]
[WhiteElo "1713"]
[BlackElo "1773"]

1. d4 d5 2. c4 dxc4 3. Nf3 b5 4. a3 a6 5. e4 e6 6. Nbd2 c5 7. a4 Bb7 8. axb5
axb5 9. Ra3 Rxa3 10. bxa3 cxd4 11. a4 c3 12. Bxb5+ Bc6 13. Nb3 Bxb5 14. axb5 d3
15. O-O Bb4 16. Bf4 d2 17. Bxb8 Qxb8 18. Nbd4 Ne7 19. Qa4 Qd6 20. b6+ Kd8 21. b7
Bc5 22. Qa8+ Kc7 23. Nb5+ Kc6 24. b8=Q+ 1-0

[Event "Let's Play Chess!"]
[Site "http://www.queenalice.com/game.php?id=725662"]
[Date "2010.2.4"]
[Round "-"]
[White "PGeon"]
[Black "MontereyMatt"]
[Result "1-0"]
[WhiteElo "1604"]
[BlackElo "1727"]

1. e4 c5 2. d3 Nc6 3. Nf3 d6 4. Nc3 Nf6 5. g3 e5 6. Bg5 Qa5 7. Bxf6 gxf6 8. Bg2
Bd7 9. O-O O-O-O 10. Nd5 f5 11. Ng5 Rg8 12. Nxf7 Re8 13. Nf6 Rg7 14. Nxe8 Bxe8
15. Nh6 f4 16. Nf5 Rg6 17. c3 Qb6 18. Rb1 Bh6 19. a3 fxg3 20. hxg3 Kb8 21. Bf3
Bg5 22. Bh5 Rg8 23. Bxe8 Rxe8 24. Nxd6 Rf8 25. Qh5 Qd8 26. Nf7 Qe8 27. Qxg5 Rxf7
28. Kg2 Nd8 29. Rh1 Ne6 30. Qxe5+ Ka8 31. Qd5 Rd7 32. Qf5 Qg6 33. Qe5 Rxd3 34.
Rbd1 c4 35. Rxd3 cxd3 36. Qh8+ 1-0

[Event "Let's Play Chess!"]
[Site "http://www.queenalice.com/game.php?id=727388"]
[Date "2010.2.7"]
[Round "-"]
[White "MontereyMatt"]
[Black "vitte10"]
[Result "0-1"]
[WhiteElo "1706"]
[BlackElo "1907"]

1. d4 Nf6 2. Bg5 Ne4 3. Bf4 c5 4. f3 Qa5+ 5. Nd2 Nf6 6. c3 cxd4 7. Nb3 Qb6 8.
Nxd4 d6 9. Be3 Nc6 10. Ne6 Qxe3 11. Nc7+ Kd8 12. Nxa8 b6 13. Qc1 Qe6 14. Qd2 Bb7
15. Nxb6 axb6 16. b4 g6 17. a4 Bg7 18. a5 Nd7 19. a6 Ba8 20. a7 Kc7 21. e4 Bb7
22. Ba6 Ra8 23. Qd3 Rxa7 24. b5 Nb4 25. cxb4 Bxa1 26. Qc2+ Kb8 27. Nh3 Bxa6 28.
bxa6 Rxa6 29. O-O Bd4+ 30. Kh1 Ra1 31. Rxa1 Bxa1 32. Ng5 Qf6 33. Nxf7 Qxf7 34.
Qa4 Bd4 35. Qxd7 Qc4 36. Qxe7 Qf1# 0-1

[Event "Let's Play Chess!"]
[Site "http://www.queenalice.com/game.php?id=728919"]
[Date "2010.2.10"]
[Round "-"]
[White "MontereyMatt"]
[Black "Je"]
[Result "0-1"]
[WhiteElo "1698"]
[BlackElo "1795"]

1. d4 d5 2. Nf3 Nc6 3. Bf4 Nf6 4. c3 Bf5 5. Qa4 e6 6. e3 a6 7. Bb5 axb5 8. Qxb5
Ra5 9. Qxb7 Qd7 10. b4 Ra4 11. b5 Na5 12. Bxc7 Nxb7 13. b6 Qb5 14. Ne5 Rxa2 15.
Rxa2 Qxb1+ 16. Ke2 Qxa2+ 0-1

[Event "Let's Play Chess!"]
[Site "http://www.queenalice.com/game.php?id=732105"]
[Date "2010.2.15"]
[Round "-"]
[White "digger"]
[Black "MontereyMatt"]
[Result "1-0"]
[WhiteElo "1604"]
[BlackElo "1686"]

1. e4 c5 2. Bc4 e6 3. d3 b6 4. c3 Bd6 5. Qf3 Ne7 6. Nh3 Bb7 7. Ng5 O-O 8. O-O f6
9. Bxe6+ dxe6 10. Nxe6 Qd7 11. Nxf8 Kxf8 12. Re1 Nf5 13. Qxf5 Qxf5 14. exf5 Nd7
15. Be3 Re8 16. Nd2 Ne5 17. Bf4 g5 18. Nc4 gxf4 19. Nxd6 Re7 20. d4 Rg7 21. dxe5
Rxg2+ 22. Kf1 Bc6 23. exf6 Rxh2 24. Rad1 Rh6 25. Re6 Rh1+ 26. Ke2 Rxd1 27. Kxd1
h5 28. Nc8 Bd7 29. Nxa7 Bxe6 30. fxe6 h4 31. Ke1 1-0

[Event "Challenge"]
[Site "http://www.queenalice.com/game.php?id=732390"]
[Date "2010.2.15"]
[Round "-"]
[White "vitte10"]
[Black "MontereyMatt"]
[Result "1-0"]
[WhiteElo "1894"]
[BlackElo "1667"]

1. e4 c5 2. Nf3 g6 3. d4 cxd4 4. Nxd4 Bg7 5. c4 Nc6 6. Be3 Nf6 7. Nc3 a6 8. Be2
e5 9. Nf3 d6 10. O-O b5 11. Qb3 b4 12. Na4 Rb8 13. c5 Na5 14. Qc2 Bb7 15. Nd2 d5
16. exd5 Qxd5 17. f3 Ng4 18. Bf2 O-O 19. Ne4 f5 20. Nd6 b3 21. Qc3 e4 22. Qxa5
Bxb2 23. Nxb2 Bc6 24. Rfd1 Qe5 25. fxg4 Qxb2 26. Bc4+ 1-0

[Event "Let's Play Chess!"]
[Site "http://www.queenalice.com/game.php?id=739290"]
[Date "2010.3.1"]
[Round "-"]
[White "MontereyMatt"]
[Black "PGeon"]
[Result "1-0"]
[WhiteElo "1662"]
[BlackElo "1556"]

1. e4 g6 2. d4 c5 3. dxc5 Nc6 4. b3 Bg7 5. c3 e5 6. f4 exf4 7. Bxf4 Bh6 8. Nh3
d6 9. cxd6 Bxf4 10. Nxf4 h5 11. Qd5 Nf6 12. Qc4 Ne5 13. Qb5+ Bd7 14. Qxe5+ Kf8
15. Nd5 Rh6 16. Nxf6 Be6 17. Qg5 Rh8 18. e5 Rc8 19. Qf4 Rxc3 20. Nxc3 Qa5 21.
Rc1 b5 22. Bxb5 1-0

[Event "Challenge"]
[Site "http://www.queenalice.com/game.php?id=739676"]
[Date "2010.3.2"]
[Round "-"]
[White "Jeferson007"]
[Black "MontereyMatt"]
[Result "0-1"]
[WhiteElo "1530"]
[BlackElo "1694"]

1. e4 e5 2. d4 exd4 3. Qxd4 Nc6 4. Qd3 Ne5 5. Qe3 d5 6. Qf4 Qe7 7. Nc3 dxe4 8.
Nxe4 Ng6 9. Qf3 f5 10. Bg5 Qe6 11. Qd3 Be7 12. Be2 Bxg5 13. Nxg5 Qf6 14. Qe3+
Ne5 15. N1f3 h6 16. Nh3 Be6 17. Nxe5 O-O-O 18. f4 Ne7 19. Qxa7 Nc6 20. Qa8+ Nb8
21. Bf3 Bd5 22. Bxd5 Rxd5 23. O-O Qb6+ 24. Nf2 Ra5 25. Nc4 Rxa8 26. Nxb6+ cxb6
27. a4 g5 28. Nd3 Nc6 29. b4 b5 30. a5 Nd4 31. Rac1 Ne2+ 32. Kh1 Nxc1 33. Rxc1
b6 34. Ra1 Kb7 35. c3 Rhd8 36. Nf2 gxf4 37. Nh3 Rd7 38. Nxf4 Rad8 39. h4 Ra8 40.
Ng6 bxa5 41. bxa5 Rc7 42. c4 bxc4 43. Nf4 c3 44. Nd3 c2 45. Kh2 Rd8 46. Nc1 Rd1
47. g3 h5 48. Kg2 Re7 49. Kf3 Ree1 50. Kf4 Rxc1 51. a6+ Ka7 52. Ra5 Ra1 53. Rc5
c1=Q+ 54. Rxc1 Rexc1 55. Kxf5 Ra5+ 56. Kg6 Rc6+ 57. Kh7 Raxa6 58. Kg8 Kb6 0-1

[Event "Challenge"]
[Site "http://www.queenalice.com/game.php?id=742437"]
[Date "2010.3.7"]
[Round "-"]
[White "AwesomeOlga"]
[Black "MontereyMatt"]
[Result "0-1"]
[WhiteElo "1586"]
[BlackElo "1674"]

1. d4 f5 2. Nf3 Nf6 3. Bg5 Ne4 4. Bh4 b6 5. Qd3 Bb7 6. g3 c5 7. Bh3 Ba6 8. Qe3
Nc6 9. d5 Nb4 10. Bxf5 Nxc2+ 11. Kf1 Nxe3+ 12. fxe3 Nd6 13. e4 Nc4 14. Nc3 Ne3+
15. Kf2 Nxf5 16. exf5 Bc8 0-1

[Event "Let's Play Chess!"]
[Site "http://www.queenalice.com/game.php?id=744195"]
[Date "2010.3.10"]
[Round "-"]
[White "colatina"]
[Black "MontereyMatt"]
[Result "0-1"]
[WhiteElo "1495"]
[BlackElo "1686"]

1. e4 c5 2. Nf3 d6 3. Nc3 Nf6 4. d3 e5 5. Bg5 Qa5 6. Bxf6 gxf6 7. a3 Nc6 8. b4
cxb4 9. axb4 Qxb4 10. Qd2 Bh6 11. Qd1 Qxc3+ 12. Ke2 Bg4 13. h3 Nd4# 0-1

[Event "Challenge"]
[Site "http://www.queenalice.com/game.php?id=745821"]
[Date "2010.3.14"]
[Round "-"]
[White "MontereyMatt"]
[Black "digger"]
[Result "1-0"]
[WhiteElo "1682"]
[BlackElo "1590"]

1. e4 c5 2. Bc4 e6 3. Nc3 Nc6 4. Nf3 Nf6 5. O-O Nb4 6. a3 Nc6 7. d4 cxd4 8. Nxd4
Ne5 9. b3 Bc5 10. f4 Nxc4 11. bxc4 d6 12. Kh1 e5 13. fxe5 dxe5 14. Bg5 exd4 15.
Nd5 O-O 16. Bxf6 gxf6 17. Nxf6+ Kh8 18. Qh5 Qxf6 19. Rxf6 Bd7 20. Qxc5 Bc6 21.
Qe5 Kg8 22. Qxd4 Rfe8 23. e5 Rad8 24. Qg4+ Kh8 25. Rxf7 Rg8 26. Rxh7+ Kxh7 27.
Qh5+ Kg7 28. Rf1 Rdf8 29. Rxf8 Kxf8 30. Qf5+ Ke8 31. Qc8+ Kf7 32. e6+ Kf6 33.
Qxg8 a5 34. h4 Be4 35. Qg5+ Kxe6 36. Qg4+ Bf5 37. Qe2+ Kf6 38. Qf3 b6 39. g4 b5
40. gxf5 bxc4 41. h5 c3 42. Qh3 a4 43. h6 Kg5 44. h7 Kf6 45. h8=Q+ Ke7 46. Q3h6
Kd7 47. Q8g7+ Ke8 48. Qhh8# 1-0

[Event "Let's Play Chess!"]
[Site "http://www.queenalice.com/game.php?id=746866"]
[Date "2010.3.16"]
[Round "-"]
[White "colatina"]
[Black "MontereyMatt"]
[Result "1-0"]
[WhiteElo "1587"]
[BlackElo "1703"]

1. e4 c5 2. c4 Nc6 3. Nc3 Nf6 4. Nf3 e6 5. d4 d5 6. Bg5 Qa5 7. Bxf6 gxf6 8. cxd5
e5 9. dxc5 Nd4 10. Nxd4 exd4 11. Qxd4 Bxc5 12. Qa4+ Qxa4 13. Nxa4 Bb4+ 14. Nc3
f5 15. Bb5+ Bd7 16. Bxd7+ Kxd7 17. f3 fxe4 18. fxe4 Rae8 19. O-O Bxc3 20. bxc3
Rxe4 21. Rxf7+ Kc8 22. Rd1 Rhe8 23. Rxh7 Re1+ 24. Rxe1 Rxe1+ 25. Kf2 Rd1 26. c4
Rc1 27. Rh4 Rc2+ 28. Ke3 Rxa2 29. c5 Rxg2 30. d6 Rg5 31. Kd4 a5 32. Rh7 a4 33.
Re7 Rg4+ 34. Kc3 a3 35. Re2 Rg5 36. Kb4 Rxc5 37. Kxa3 Kd7 38. Rd2 Rc6 39. Rb2 b6
40. Kb3 Rxd6 41. Kc4 Kc6 42. h4 Rh6 43. Rh2 b5+ 44. Kb4 Rf6 45. Rc2+ Kb6 46. Rh2
Rf4+ 47. Kc3 b4+ 48. Kd3 Kb5 49. Ke3 Rc4 50. h5 b3 51. h6 Rc2 52. Rh5+ Kc4 53.
h7 b2 54. h8=Q b1=Q 55. Rh4+ Kd5 56. Qd8+ Ke5 57. Re4+ Kf5 58. Qf8+ Kg5 59. Re5+
Kg4 60. Qf4+ Kh3 61. Rh5+ Kg2 62. Qf3+ 1-0

[Event "Let's Play Chess!"]
[Site "http://www.queenalice.com/game.php?id=748829"]
[Date "2010.3.20"]
[Round "-"]
[White "Xmen"]
[Black "MontereyMatt"]
[Result "0-1"]
[WhiteElo "1550"]
[BlackElo "1694"]

1. e4 c5 2. Nf3 d6 3. d4 cxd4 4. Nxd4 Nf6 5. Nc3 e6 6. Bg5 Qa5 7. Bxf6 gxf6 8.
Bb5+ Bd7 9. a3 d5 10. b4 Bxb4 11. Bxd7+ Nxd7 12. axb4 Qxb4 13. Nb5 O-O-O 14.
Nxa7+ Kb8 15. Nb5 dxe4 16. O-O Ne5 17. Ra4 Rxd1 18. Rxb4 Nf3+ 19. gxf3 Rg8+ 20.
Kh1 Rxf1# 0-1

[Event "Maria Outras"]
[Site "http://www.queenalice.com/game.php?id=748930"]
[Date "2010.3.20"]
[Round "-"]
[White "Mamonas"]
[Black "MontereyMatt"]
[Result "1-0"]
[WhiteElo "1609"]
[BlackElo "1717"]

1. e4 c5 2. d4 cxd4 3. Qxd4 Nc6 4. Qa4 d5 5. Bb5 Bd7 6. exd5 Nd4 7. Bxd7+ Qxd7
8. Qxd4 O-O-O 9. Qxa7 Qxd5 10. Qa8+ Kc7 11. Nc3 Qxg2 12. Nb5+ Kd7 13. Qa3 e5 14.
Qd3+ Ke8 15. Nc7+ Ke7 16. Qf5 Qxh1 17. Qxe5+ Kd7 18. Kf1 Bd6 19. Qxg7 Bxh2 20.
Nb5 Nh6 21. Qxh6 Qxg1+ 22. Ke2 Rhe8+ 23. Kf3 Re6 24. Qd2+ Ke7 25. Qb4+ Kf6 26.
Qh4+ Kg7 27. Bh6+ Rxh6 28. Rxg1+ Bxg1 29. Qxd8 Rf6+ 30. Ke4 h5 31. Ke5 Rh6 32.
Qg5+ Kh7 33. Qxg1 h4 34. Nd6 h3 35. Nxf7 h2 36. Qh1 Rh5+ 37. Kf6 Kg8 38. Kg6 Rh7
39. Nh6+ 1-0

[Event "Let's Play Chess!"]
[Site "http://www.queenalice.com/game.php?id=749530"]
[Date "2010.3.22"]
[Round "-"]
[White "colatina"]
[Black "MontereyMatt"]
[Result "0-1"]
[WhiteElo "1640"]
[BlackElo "1704"]

1. e4 c5 2. Nf3 e6 3. d4 b6 4. Ne5 d6 5. Bb5+ Bd7 6. Nxd7 Nxd7 7. O-O Be7 8. d5
e5 9. f4 Nf6 10. fxe5 Nxe4 11. Qg4 dxe5 12. Qxg7 Rf8 13. Nc3 Bf6 14. Bxd7+ Qxd7
15. Qxh7 Ng5 16. Bxg5 Bxg5 17. Rae1 O-O-O 18. Rxe5 Rh8 19. Qxf7 Qd6 20. Qf5+ Kb8
21. Qxg5 c4 22. Ne4 Qb4 23. Re7 Rdf8 24. Qe5+ Ka8 25. Rxf8+ Rxf8 26. Qc7 Qe1#
0-1

[Event "Let's Play Chess!"]
[Site "http://www.queenalice.com/game.php?id=752537"]
[Date "2010.3.27"]
[Round "-"]
[White "MontereyMatt"]
[Black "Michihall"]
[Result "0-1"]
[WhiteElo "1697"]
[BlackElo "1927"]

1. e4 e5 2. Nf3 Nc6 3. Bb5 Nge7 4. Nc3 g6 5. O-O Bg7 6. d4 exd4 7. Nxd4 Nxd4 8.
Bh6 Bxh6 9. Qxd4 O-O 10. Rad1 c6 0-1